000 00605nam a2200229Ia 4500
003 OSt
005 20221007072944.0
006 a|||||r|||| 00| 0
007 ta
008 221006b |||||||| |||| 00| 0 eng d
024 _a29,825
037 _cTextual
040 _aFLL
_cFLL
_beng
041 _2eng
_aeng
082 _aX:97D.3.N7, L7
100 _aGarnett John
_9502462
245 0 _aModel procedural agreements
260 _aLondon
_bThe Industrial Society UK
_c1977
300 _a46p
_ccm.
942 _hX:97D.3.N7, L7
_cTEXL
_2CC
999 _c1147358
_d1147358